00250nam a2200085Ia 4500008004100000100001500041245007100056260002800127300000900155190216s9999||||xx |||||||||||||| ||und|| aBhatia V.B 0aTextbook Of Astronomy And Astro Physics With Elements Of Cosmology bNarosa Pubs Housec2001 a386p